000 00333nam a2200133Ia 4500
999 _c14084
_d14084
003 OSt
005 20260327152329.0
008 260210s9999 xx 000 0 und d
020 _a97875611372771
100 _aChun Li
245 0 _aBig Business II: The Best Globe Brand Design Z/Z
260 _bDalian University
942 _cBDES
_2ddc